000 01252aam a2200241 a 4500
001 001302883
003 AR-RoUNCS
005 20251028143708.0
008 140228s2014 ag r 001 f spa |
020 _a978-950-580-686-3
040 _aAR-RoUNCS
_cAR-RoUNCS
080 _a82-31(728.5)
100 1 _aBelli, Gioconda,
_d1948-
_eautora
245 1 3 _aEl país de las mujeres /
_cGioconda Belli.
250 _a1a ed.
260 _aBuenos Aires :
_bBooket,
_c2014.
300 _a278 p. ;
_c23 cm.
520 3 _aEn las elecciones de Faguas –país imaginario que aparece en las novelas de Gioconda Belli– ha triunfado el PIE (Partido de la Izquierda Erótica). Sus atrevidas integrantes tienen un propósito inclaudicable: cambiar el rumbo de su país, limpiarlo como si se tratara de una casa descuidada, barrerlo hasta sacarle brillo. Pero nada de esto resulta fácil para la presidenta Viviana Sansón y sus ministras, sometidas a constantes ataques por parte de sus enemigos. ¿Podrán sobrellevarlo y sobrevivir? ¿Será Faguas, al final de su administración, un país mejor?
_c(Descripción del editor).
586 _aPremio La Otra Orilla, 2010.
650 4 _aLITERATURA HISPANOAMERICANA
_ySIGLO XXI
655 4 _aNOVELA
942 _2udc
_cLPD
999 _c655
_d655